000 00776nam a2200253Ia 4500
003 OSt
005 20220927105247.0
006 a|||||r|||| 00| 0
007 ta
008 220926b |||||||| |||| 00| 0 eng d
020 _a090609450x
024 _a187032
037 _cReference Collections
040 _aRTL
_cRTL
_beng
041 _2eng
_aeng
082 _a"Y9(Q7):2.461, P4"
100 _aHoyland Robert G
_9371339
245 0 _aIslamic reflections Arabic Musings
_bStudies in honour of Professor Alan Jones.
260 _aBritain
_bGibb Memorial Trust
_c2004
300 _a300p
_ccm.
700 _a Kennedy Philip F
_9371340
942 _h"Y9(Q7):2.461, P4"
_cCC
999 _c691550
_d691550